[Event "Monarch Assurance Isle of Man 8th"]
[Site "Port Erin IOM"]
[Date "1999.11.11"]
[Round "6"]
[White "Kosteniuk, Alexandra"]
[Black "Giddins, Stephen"]
[Result "1/2-1/2"]
[WhiteElo "2324"]
[BlackElo "2376"]
[PlyCount "102"]
[EventDate "1999.11.06"]
[EventType "swiss"]
[EventRounds "9"]
[EventCountry "IOM"]

1. e4 e6 2. Nf3 d5 3. Nc3 Nf6 4. e5 Nfd7 5. d4 c5 6. dxc5 Nc6 7. Bf4 Bxc5 8.
Bd3 f6 9. exf6 Nxf6 10. Qe2 O-O 11. O-O-O Qa5 12. Kb1 Nb4 13. Be5 Bd7 14. Nd4
Bxd4 15. Bxd4 Nc6 16. Be5 Nxe5 17. Qxe5 Rac8 18. f3 Qc7 19. Rhe1 Qxe5 20. Rxe5
Ne8 21. Ne2 Nd6 22. f4 Rce8 23. Re3 Bb5 24. Bxb5 Nxb5 25. g3 Kf7 26. b3 h6 27.
Re5 Kf6 28. c4 Nc7 29. Nc3 g5 30. cxd5 gxf4 31. gxf4 exd5 32. Nxd5+ Nxd5 33.
Rexd5 Re2 34. Rd6+ Kf5 35. Rxh6 Rc8 36. Rf1 Rcc2 37. Rh5+ Kf6 38. Ra5 a6 39. h4
Rh2 40. h5 Rb2+ 41. Ka1 Rbd2 42. b4 Rde2 43. Rb1 Ref2 44. b5 Rxh5 45. Ra4 Rxb5
46. Rxb5 axb5 47. Rb4 Ke6 48. Rxb5 Rxf4 49. Rxb7 Kd6 50. Kb2 Kc6 51. Rb8 Kc7
1/2-1/2

[Event "Monarch Assurance Isle of Man 8th"]
[Site "Port Erin IOM"]
[Date "1999.11.11"]
[Round "6"]
[White "Maki-Uuro, Miikka"]
[Black "Agnos, Demetrios"]
[Result "1/2-1/2"]
[WhiteElo "2363"]
[BlackElo "2456"]
[PlyCount "92"]
[EventDate "1999.11.06"]
[EventType "swiss"]
[EventRounds "9"]
[EventCountry "IOM"]

1. e4 c5 2. Nf3 d6 3. d4 cxd4 4. Nxd4 Nf6 5. Nc3 g6 6. Be3 Bg7 7. f3 O-O 8. Qd2
Nc6 9. g4 e5 10. Nb3 Be6 11. O-O-O Qc8 12. Bh6 Rd8 13. Bxg7 Kxg7 14. h4 h6 15.
Bh3 d5 16. g5 Nh5 17. gxh6+ Kh7 18. Bxe6 fxe6 19. Qg5 d4 20. Rhg1 Rg8 21. Ne2
a5 22. f4 a4 23. Nc5 Ra5 24. Nd3 exf4 25. e5 f3 26. Nef4 Nxf4 27. Qxf4 Qf8 28.
Qg3 a3 29. b4 Rb5 30. Rgf1 Qxh6+ 31. Rd2 Rf8 32. Rxf3 Nxb4 33. Nxb4 Rxb4 34.
Rxf8 Qxf8 35. Rd1 Rc4 36. h5 Qf5 37. hxg6+ Kg7 38. Qh2 Qxg6 39. Rh1 Kf7 40.
Rf1+ Ke7 41. Qh4+ Kd7 42. Rf2 d3 43. Qxc4 Qg1+ 44. Kd2 Qxf2+ 45. Kxd3 Qf1+ 46.
Kc3 Qa1+ 1/2-1/2

[Event "Monarch Assurance Isle of Man 8th"]
[Site "Port Erin IOM"]
[Date "1999.11.11"]
[Round "6"]
[White "Murtagh, Dermot"]
[Black "McLean, John"]
[Result "0-1"]
[WhiteElo "1791"]
[BlackElo "2135"]
[PlyCount "94"]
[EventDate "1999.11.06"]
[EventType "swiss"]
[EventRounds "9"]
[EventCountry "IOM"]

1. e4 c5 2. Nf3 d6 3. d3 Nc6 4. Nbd2 g6 5. g3 Bg7 6. Bg2 e5 7. O-O Nge7 8. c3
O-O 9. a4 h6 10. Nc4 Be6 11. Nfd2 Qd7 12. Rb1 Rad8 13. b4 cxb4 14. cxb4 d5 15.
Ne3 f5 16. Nb3 b6 17. b5 Nd4 18. Nxd4 exd4 19. Nxd5 Nxd5 20. exd5 Bxd5 21.
Bxd5+ Qxd5 22. Ba3 Rf7 23. Qb3 Qxb3 24. Rxb3 Rc7 25. Rc1 Rc3 26. Rbxc3 dxc3 27.
Bb4 Rxd3 28. Kf1 h5 29. a5 bxa5 30. Bxa5 Bd4 31. Rc2 Kf7 32. Bc7 Rd2 33. Rxd2
cxd2 34. Ke2 Bxf2 35. Kxd2 Ke6 36. Ke2 Bb6 37. Bb8 Kd5 38. h4 Kc5 39. Kf3 Kxb5
40. Bxa7 Bxa7 41. Kf4 Bb8+ 42. Kg5 Bxg3 43. Kxg6 f4 44. Kxh5 f3 45. Kg4 f2 46.
Kxg3 f1=Q 47. Kg4 Qf6 0-1

[Event "Monarch Assurance Isle of Man 8th"]
[Site "Port Erin IOM"]
[Date "1999.11.11"]
[Round "6"]
[White "Naes, Flovin Tor"]
[Black "Nicholson, John"]
[Result "1-0"]
[WhiteElo "2222"]
[BlackElo "2023"]
[PlyCount "89"]
[EventDate "1999.11.06"]
[EventType "swiss"]
[EventRounds "9"]
[EventCountry "IOM"]

1. e4 c5 2. Nf3 e6 3. d4 cxd4 4. Nxd4 a6 5. c4 Nf6 6. Nc3 Bb4 7. Qc2 O-O 8. Be2
e5 9. Nf3 Nc6 10. O-O Bc5 11. a3 d6 12. Bg5 h6 13. Bh4 Be6 14. Rfd1 Rc8 15. Nd5
g5 16. Bg3 Nd4 17. Qd3 Nxe4 18. Qxe4 f5 19. Nxd4 fxe4 20. Nxe6 Qe8 21. Nxf8
Qxf8 22. b3 Qf7 23. Bh5 Qg7 24. Re1 Bd4 25. Ra2 Rf8 26. Bg6 Kh8 27. Bxe4 h5 28.
h4 g4 29. Rd2 Bxf2+ 30. Rxf2 Rxf2 31. Kxf2 Qh6 32. Ke2 Qf8 33. Rc1 Qc8 34. c5
Qc6 35. Rc3 Qb5+ 36. Bd3 Qc6 37. Be4 Qb5+ 38. Ke1 dxc5 39. Bxe5+ Kg8 40. Bd6
Kf7 41. Bxc5 Qe8 42. Re3 Qc8 43. Bg6+ Kg7 44. Nf4 Kh6 45. Re7 1-0

[Event "Monarch Assurance Isle of Man 8th"]
[Site "Port Erin IOM"]
[Date "1999.11.11"]
[Round "6"]
[White "Nieminen, Kari"]
[Black "McLeod, Fraser"]
[Result "1-0"]
[WhiteElo "2230"]
[BlackElo "1832"]
[PlyCount "45"]
[EventDate "1999.11.06"]
[EventType "swiss"]
[EventRounds "9"]
[EventCountry "IOM"]

1. e4 c5 2. Nc3 e6 3. Nf3 Nc6 4. d4 cxd4 5. Nxd4 d6 6. Be3 Nf6 7. Be2 Be7 8.
O-O O-O 9. Kh1 Qc7 10. f4 a6 11. a4 b6 12. e5 Nd5 13. Nxd5 exd5 14. Nxc6 Qxc6
15. Bf3 Bb7 16. c4 Qc7 17. cxd5 dxe5 18. d6 Bxf3 19. dxc7 Bxd1 20. Raxd1 exf4
21. Bxb6 g5 22. Rd7 Rae8 23. Rfd1 1-0

[Event "Monarch Assurance Isle of Man 8th"]
[Site "Port Erin IOM"]
[Date "1999.11.11"]
[Round "6"]
[White "Parker, Jonathan"]
[Black "Short, Nigel"]
[Result "0-1"]
[WhiteElo "2523"]
[BlackElo "2675"]
[PlyCount "70"]
[EventDate "1999.11.06"]
[EventType "swiss"]
[EventRounds "9"]
[EventCountry "IOM"]

1. d4 e6 2. c4 Nf6 3. Nc3 Bb4 4. e3 O-O 5. Bd3 d5 6. cxd5 exd5 7. Nge2 Re8 8.
Qc2 Bf8 9. a3 c5 10. dxc5 Bxc5 11. b4 Bd6 12. Bb2 Nc6 13. Rd1 h6 14. Nb5 Bb8
15. Nbd4 Ne5 16. Ng3 h5 17. Be2 g6 18. Nf3 a5 19. Bxe5 Bxe5 20. Bb5 Bd7 21.
Bxd7 Qxd7 22. O-O axb4 23. axb4 Bd6 24. Qb2 Qe7 25. b5 Ra4 26. Ne2 Rb4 27. Qa2
Rc8 28. Rb1 Rbc4 29. Ned4 Ne4 30. Ra1 Bb4 31. Qb3 Qf6 32. Rfd1 g5 33. Nc2 Rxc2
34. Qxb4 g4 35. Rxd5 R2c4 0-1

[Event "Monarch Assurance Isle of Man 8th"]
[Site "Port Erin IOM"]
[Date "1999.11.11"]
[Round "6"]
[White "Paschall, William"]
[Black "Sutovsky, Emil"]
[Result "0-1"]
[WhiteElo "2332"]
[BlackElo "2587"]
[PlyCount "108"]
[EventDate "1999.11.06"]
[EventType "swiss"]
[EventRounds "9"]
[EventCountry "IOM"]

1. e4 c5 2. Nc3 d6 3. g3 g6 4. Bg2 Nc6 5. d3 Bg7 6. Be3 Nd4 7. Qd2 Qa5 8. f4
Nf6 9. h3 O-O 10. Nge2 Nxe2 11. Nxe2 Qxd2+ 12. Bxd2 Bd7 13. Bc3 Bc6 14. a4 Rfc8
15. g4 h5 16. Bf3 hxg4 17. hxg4 Nd7 18. Rh3 Bxc3+ 19. Nxc3 Kg7 20. Kf2 Rh8 21.
Rah1 Rxh3 22. Rxh3 g5 23. fxg5 Nf8 24. Nd5 Ng6 25. b3 Rg8 26. Ke3 Kf8 27. Be2
Ne5 28. Kf4 Ng6+ 29. Ke3 Bd7 30. c3 Ne5 31. Kf4 Nc6 32. Rh6 Kg7 33. Ne3 Nd8 34.
Nf5+ Kf8 35. d4 Ne6+ 36. Ke3 Nxg5 37. e5 dxe5 38. dxe5 Bc6 39. a5 Ne6 40. Bc4
Bd7 41. b4 Ke8 42. Rh4 cxb4 43. cxb4 Nf8 44. Nh6 Rg7 45. Nf5 Rg8 46. Nh6 Rg7
47. Nf5 Rg5 48. Kf4 Rg8 49. Ke4 Rg5 50. Kf4 Rg8 51. Ke4 Bc6+ 52. Kd4 Rg5 53. b5
Bd7 54. Ke4 Ng6 0-1

[Event "Monarch Assurance Isle of Man 8th"]
[Site "Port Erin IOM"]
[Date "1999.11.11"]
[Round "6"]
[White "Ryan, Joe"]
[Black "Peters, Stephen"]
[Result "1-0"]
[WhiteElo "2280"]
[BlackElo "2158"]
[PlyCount "159"]
[EventDate "1999.11.06"]
[EventType "swiss"]
[EventRounds "9"]
[EventCountry "IOM"]

1. e4 e6 2. d4 d5 3. Nc3 Bb4 4. e5 c5 5. a3 Bxc3+ 6. bxc3 Qc7 7. Nf3 Ne7 8. a4
b6 9. Bb5+ Bd7 10. Bd3 Nbc6 11. O-O h6 12. Ba3 Na5 13. Nd2 Nb7 14. Qg4 g6 15.
Qh4 Nf5 16. Bxf5 gxf5 17. Nf3 Qd8 18. Qh5 Qe7 19. Bc1 O-O-O 20. Bf4 Rdg8 21.
Bg3 Qf8 22. h3 Qg7 23. Qh4 Qf8 24. Qf4 Rg6 25. Nh4 Rg5 26. Nf3 Rg6 27. Nd2 c4
28. Rfb1 Na5 29. Nf1 Rhg8 30. Ne3 Kb7 31. Rb4 Ka6 32. Bh4 Qg7 33. g3 h5 34. Ng2
Qh6 35. Qf3 Rh8 36. Nf4 Rgg8 37. Bf6 Rh7 38. h4 Rg4 39. Kh2 Kb7 40. Bg5 Rxg5
41. hxg5 Qxg5 42. Ng2 Qg4 43. Nh4 Nb3 44. cxb3 a5 45. Rb5 Bxb5 46. axb5 cxb3
47. Qxg4 hxg4 48. Ra3 f4 49. Rxb3 f3 50. Kg1 Rh8 51. Kf1 Ra8 52. Ke1 a4 53. Ra3
Ra5 54. Kd2 Rxb5 55. Rxa4 Ra5 56. Rb4 Kc6 57. Rb2 Ra1 58. Ke3 Ra8 59. Kf4 Rg8
60. Rb3 b5 61. Ra3 Kb6 62. Nxf3 gxf3 63. Kxf3 Kb7 64. Kf4 Kb6 65. g4 Kb7 66.
Kg3 Kb6 67. f4 Kb7 68. Kf3 Rh8 69. Kg3 Rg8 70. Kf3 Rh8 71. f5 exf5 72. gxf5 Rh4
73. Ke3 Re4+ 74. Kf3 Rh4 75. f6 Kb6 76. Ra8 Rh3+ 77. Kf4 Rxc3 78. e6 Rc6 79. e7
Rxf6+ 80. Kg5 1-0

[Event "Monarch Assurance Isle of Man 8th"]
[Site "Port Erin IOM"]
[Date "1999.11.11"]
[Round "6"]
[White "Shipov, Sergei"]
[Black "Ward, Chris"]
[Result "1/2-1/2"]
[WhiteElo "2658"]
[BlackElo "2473"]
[PlyCount "33"]
[EventDate "1999.11.06"]
[EventType "swiss"]
[EventRounds "9"]
[EventCountry "IOM"]

1. d4 Nf6 2. c4 e6 3. Nc3 Bb4 4. Qc2 d5 5. cxd5 exd5 6. Bg5 c5 7. dxc5 h6 8.
Bh4 g5 9. Bg3 Ne4 10. e3 Qa5 11. Nge2 Bf5 12. Qc1 Nd7 13. Bd6 Ndxc5 14. Bxc5
Qxc5 15. a3 Bxc3+ 16. Nxc3 Nxc3 17. Qxc3 1/2-1/2

[Event "Monarch Assurance Isle of Man 8th"]
[Site "Port Erin IOM"]
[Date "1999.11.11"]
[Round "6"]
[White "Spanton, Tim"]
[Black "Benson, Paul"]
[Result "1-0"]
[WhiteElo "2147"]
[BlackElo "2067"]
[PlyCount "81"]
[EventDate "1999.11.06"]
[EventType "swiss"]
[EventRounds "9"]
[EventCountry "IOM"]

1. c4 f5 2. g3 Nf6 3. Bg2 g6 4. Nc3 Bg7 5. d3 d6 6. e4 e5 7. Nge2 O-O 8. O-O
Nc6 9. f4 Rb8 10. Rb1 a6 11. b4 Nd4 12. Nxd4 exd4 13. Nd5 Nd7 14. exf5 c6 15.
f6 Nxf6 16. Nxf6+ Qxf6 17. Rb2 Re8 18. Re2 Bd7 19. Rfe1 Qf7 20. Bf3 Kf8 21. a4
Rxe2 22. Rxe2 Re8 23. Kg2 Rxe2+ 24. Qxe2 Qe6 25. Qxe6 Bxe6 26. g4 Bf6 27. Bb2
Bd7 28. Kg3 Ke7 29. h4 Bg7 30. Be4 Kf7 31. f5 gxf5 32. Bxf5 Be6 33. Bxh7 Be5+
34. Kf3 d5 35. c5 Bf6 36. Kg3 Be5+ 37. Kh3 Kg7 38. Bf5 Bxf5 39. gxf5 Kf6 40.
Kg4 Kg7 41. Bc1 1-0

[Event "Monarch Assurance Isle of Man 8th"]
[Site "Port Erin IOM"]
[Date "1999.11.11"]
[Round "6"]
[White "Taylor, Peter"]
[Black "Shneider, Aleksander"]
[Result "0-1"]
[WhiteElo "2164"]
[BlackElo "2551"]
[PlyCount "138"]
[EventDate "1999.11.06"]
[EventType "swiss"]
[EventRounds "9"]
[EventCountry "IOM"]

1. c4 Nf6 2. g3 e6 3. Bg2 d5 4. Nf3 dxc4 5. O-O a6 6. a4 Nc6 7. Qc2 e5 8. Qxc4
Be6 9. Qc3 Bb4 10. Qe3 Ng4 11. Qe4 f5 12. Qd3 Qxd3 13. exd3 O-O-O 14. h3 Nf6
15. Re1 Rhe8 16. Nxe5 Bd5 17. f4 Nd4 18. Na3 Bxa3 19. bxa3 Nc2 20. Bb2 Nxe1 21.
Rxe1 Bxg2 22. Kxg2 Nd7 23. Rc1 Nxe5 24. Bxe5 c6 25. d4 g6 26. Kf2 Rd5 27. Rc4
Ra5 28. Ke2 Kd7 29. Kd1 b5 30. axb5 axb5 31. Rc3 Rea8 32. d5 R8a6 33. dxc6+
Rxc6 34. Rb3 Rca6 35. Bc3 Rxa3 36. Rxb5 Kc6 37. Re5 R3a4 38. Re7 Ra7 39. Re6+
Kd5 40. Re5+ Kd6 41. Ke2 Re7 42. Rxe7 Kxe7 43. Kf3 Ke6 44. Ke3 Ra3 45. Kd4 Rb3
46. Ke3 Kd5 47. Kf3 Kc4 48. Ke2 Rb7 49. Be5 Rd7 50. Bc3 Rd3 51. Kf2 Kc5 52. Kg2
Kd5 53. Kf2 Ke4 54. Ba5 Rf3+ 55. Kg2 Rb3 56. Kf2 Kd3 57. Bc3 Rb1 58. Ba5 Rh1
59. Kg2 Re1 60. Kf2 Re2+ 61. Kf3 Rh2 62. h4 Rxd2 63. Bxd2 Kxd2 64. g4 h5 65.
gxh5 gxh5 66. Kf2 Kd3 67. Kf3 Kd4 68. Kf2 Ke4 69. Kg3 Ke3 0-1

[Event "Monarch Assurance Isle of Man 8th"]
[Site "Port Erin IOM"]
[Date "1999.11.11"]
[Round "6"]
[White "Thiruchelvam, Murugan"]
[Black "Player, Edmund"]
[Result "1-0"]
[WhiteElo "2072"]
[BlackElo "2105"]
[PlyCount "80"]
[EventDate "1999.11.06"]
[EventType "swiss"]
[EventRounds "9"]
[EventCountry "IOM"]

1. e4 e6 2. d4 d5 3. Nd2 Nf6 4. e5 Nfd7 5. Bd3 c5 6. c3 Nc6 7. Ne2 Qb6 8. Nf3
cxd4 9. cxd4 f6 10. exf6 Nxf6 11. O-O Bd6 12. Rb1 O-O 13. Bf4 Bxf4 14. Nxf4 Bd7
15. Re1 Rae8 16. Qd2 Nb4 17. a3 Nxd3 18. Nxd3 Ne4 19. Qe3 Rc8 20. Nfe5 Bb5 21.
f3 Nd6 22. g4 Nc4 23. Nxc4 Rxc4 24. Nc5 Re8 25. f4 Qc7 26. Nxe6 Qd6 27. f5 Rc2
28. Qe5 Qxe5 29. Rxe5 Rec8 30. Rxd5 Bc6 31. Rc5 Rg2+ 32. Kf1 Rxh2 33. Rbc1 Bg2+
34. Kf2 Rxc5 35. Rxc5 Bc6+ 36. Ke3 Rxb2 37. d5 Bd7 38. Rc7 Bxe6 39. fxe6 Kf8
40. d6 Rb6 1-0

[Event "Monarch Assurance Isle of Man 8th"]
[Site "Port Erin IOM"]
[Date "1999.11.11"]
[Round "6"]
[White "Winfridsson, Hakan"]
[Black "Marusenko, Petr"]
[Result "0-1"]
[WhiteElo "2045"]
[BlackElo "2406"]
[PlyCount "76"]
[EventDate "1999.11.06"]
[EventType "swiss"]
[EventRounds "9"]
[EventCountry "IOM"]

1. e4 c6 2. d4 d5 3. e5 c5 4. dxc5 Nc6 5. Nf3 Bg4 6. Be2 e6 7. Bf4 Bxc5 8. O-O
Nge7 9. Nbd2 Bb6 10. Re1 O-O 11. Bd3 Ng6 12. Bg3 Nb4 13. Nf1 Nxd3 14. cxd3 f6
15. exf6 Qxf6 16. N1d2 Qxb2 17. h3 Bf5 18. Nb3 Rac8 19. Re2 Qc3 20. Qd2 Qxd2
21. Rxd2 Rc3 22. Rad1 Rfc8 23. Nfd4 a5 24. Nb5 Rc2 25. N3d4 Rxd2 26. Rxd2 Rc1+
27. Kh2 a4 28. h4 Ba5 29. Re2 Bxd3 30. Rxe6 Re1 31. Rd6 Bc4 32. Rd7 Re7 33.
Rxe7 Nxe7 34. a3 Bb6 35. Kg1 Nc6 36. Nxc6 bxc6 37. Nc3 Bd4 38. Nxa4 Bb5 0-1

[Event "Monarch Assurance Isle of Man 8th"]
[Site "Port Erin IOM"]
[Date "1999.11.12"]
[Round "7"]
[White "Agnos, Demetrios"]
[Black "Naes, Flovin Tor"]
[Result "1-0"]
[WhiteElo "2456"]
[BlackElo "2222"]
[PlyCount "85"]
[EventDate "1999.11.06"]
[EventType "swiss"]
[EventRounds "9"]
[EventCountry "IOM"]

1. e4 e5 2. Nf3 Nc6 3. Bb5 a6 4. Ba4 Nf6 5. O-O Nxe4 6. d4 b5 7. Bb3 d5 8. dxe5
Be6 9. Nbd2 Nc5 10. c3 Bg4 11. Bc2 Be7 12. Re1 Qd7 13. Nf1 O-O 14. h3 Bh5 15.
b4 Ne6 16. Ng3 Bg6 17. Nf5 Bxf5 18. Bxf5 a5 19. bxa5 Nxa5 20. Bc2 Ra6 21. Qd3
g6 22. Bh6 Rfa8 23. Rad1 c6 24. Qe2 Nc4 25. Bb3 Qb7 26. Nh2 c5 27. Ng4 Ng7 28.
Qf3 Rd8 29. Bc1 Nf5 30. Bc2 h5 31. Bxf5 hxg4 32. Qxg4 Kh8 33. e6 Bf6 34. exf7
Qxf7 35. Bxg6 Qg7 36. Qh5+ Kg8 37. Rxd5 Rda8 38. Bh6 Qb7 39. Rd3 Be5 40. Be4
Qe7 41. Bd5+ Kh8 42. Bg7+ Kxg7 43. Rg3+ 1-0

[Event "Monarch Assurance Isle of Man 8th"]
[Site "Port Erin IOM"]
[Date "1999.11.12"]
[Round "7"]
[White "Allen, Keith"]
[Black "Emms, John"]
[Result "1-0"]
[WhiteElo "2233"]
[BlackElo "2586"]
[PlyCount "81"]
[EventDate "1999.11.06"]
[EventType "swiss"]
[EventRounds "9"]
[EventCountry "IOM"]

1. d4 Nf6 2. c4 e6 3. Nc3 Bb4 4. Qc2 d5 5. cxd5 exd5 6. Bg5 c5 7. dxc5 h6 8.
Bxf6 Qxf6 9. e3 Nc6 10. Nge2 Bf5 11. Qd2 d4 12. Nxd4 O-O-O 13. O-O-O Bxc5 14.
Bd3 Bxd4 15. exd4 Rxd4 16. Qe3 Rxd3 17. Rxd3 Bxd3 18. Qxd3 Qg5+ 19. Kb1 Qxg2
20. Qf5+ Kb8 21. Rd1 f6 22. h4 Re8 23. a3 a6 24. Ka2 Ne5 25. Rd4 Rc8 26. Ne4
Qf1 27. Nd6 Rc7 28. Rb4 Qc1 29. f4 g6 30. Qxf6 Nc6 31. Rc4 Qf1 32. Qxg6 Ka7 33.
Qxh6 Rd7 34. Rc3 Qd1 35. Nc4 Qg1 36. Qg5 Qf2 37. Ne5 Nxe5 38. fxe5 Rd2 39. Qe3+
Qxe3 40. Rxe3 Rd8 41. e6 1-0

[Event "Monarch Assurance Isle of Man 8th"]
[Site "Port Erin IOM"]
[Date "1999.11.12"]
[Round "7"]
[White "Benson, Paul"]
[Black "Ellison, D George"]
[Result "0-1"]
[WhiteElo "2067"]
[BlackElo "2100"]
[PlyCount "66"]
[EventDate "1999.11.06"]
[EventType "swiss"]
[EventRounds "9"]
[EventCountry "IOM"]

1. d4 e6 2. c4 f5 3. g4 fxg4 4. h3 g3 5. f4 Bb4+ 6. Bd2 Qh4 7. Bg2 Qxf4 8. Nf3
Bxd2+ 9. Nbxd2 Qe3 10. Rf1 Nf6 11. Qc2 O-O 12. O-O-O d6 13. h4 Nc6 14. Kb1 e5
15. dxe5 dxe5 16. Ka1 Nb4 17. Qb1 Qxe2 18. Ng5 Qd3 19. Qxd3 Nxd3 20. Nde4 Nf4
21. Rd2 h6 22. Nxf6+ gxf6 23. Ne4 Kh8 24. Rf3 f5 25. Nxg3 Be6 26. b3 Nxg2 27.
Rxg2 Rad8 28. Rgf2 f4 29. Ne4 Bf5 30. Nc5 b6 31. Na6 Rd7 32. Kb2 c5 33. Kc3 Be4
0-1

[Event "Monarch Assurance Isle of Man 8th"]
[Site "Port Erin IOM"]
[Date "1999.11.12"]
[Round "7"]
[White "Bourne, James"]
[Black "Fraser-Mitchell, Jeremy"]
[Result "1-0"]
[WhiteElo "2105"]
[BlackElo "2066"]
[PlyCount "125"]
[EventDate "1999.11.06"]
[EventType "swiss"]
[EventRounds "9"]
[EventCountry "IOM"]

1. d4 f5 2. Nf3 Nf6 3. g3 g6 4. Bg2 Bg7 5. O-O O-O 6. c4 d6 7. Nc3 Qe8 8. Qc2
c6 9. d5 Na6 10. Rd1 Bd7 11. Be3 Nc7 12. Rac1 c5 13. Nd2 a6 14. f3 b5 15. Bf2
Rb8 16. b3 bxc4 17. bxc4 Rb4 18. a3 Rb8 19. Rb1 Qf7 20. e4 fxe4 21. Ndxe4 Nxe4
22. Nxe4 Bf5 23. f4 Bh8 24. Qa4 Bg4 25. Re1 Qf5 26. Qc6 Qd7 27. Rb7 Rxb7 28.
Qxb7 Rc8 29. Rb1 Qa4 30. h3 Bd7 31. Qb3 Qxb3 32. Rxb3 Ne8 33. Be1 Bd4+ 34. Kh2
e6 35. Rb7 exd5 36. Rxd7 dxe4 37. Bxe4 Nf6 38. Bd5+ Nxd5 39. cxd5 c4 40. Rxd6
Re8 41. Ba5 Re2+ 42. Kh1 c3 43. Rc6 c2 44. d6 Bf6 45. d7 Be7 46. Kg1 Re3 47.
Rxc2 Rxg3+ 48. Kh2 Rd3 49. Rc8+ Kf7 50. d8=Q Bxd8 51. Bxd8 Rxa3 52. Rc7+ Ke6
53. Rxh7 a5 54. Bc7 a4 55. h4 Kf5 56. h5 gxh5 57. Rxh5+ Kf6 58. Ra5 Kf7 59. Kg2
Ke7 60. Ra6 Kd7 61. Be5 Ra2+ 62. Kf3 Kc8 63. Ra7 1-0

[Event "Monarch Assurance Isle of Man 8th"]
[Site "Port Erin IOM"]
[Date "1999.11.12"]
[Round "7"]
[White "Coleman, David"]
[Black "Maki-Uuro, Miikka"]
[Result "0-1"]
[WhiteElo "2240"]
[BlackElo "2363"]
[PlyCount "108"]
[EventDate "1999.11.06"]
[EventType "swiss"]
[EventRounds "9"]
[EventCountry "IOM"]

1. e4 c5 2. Nf3 d6 3. d4 cxd4 4. Nxd4 Nf6 5. Nc3 a6 6. Be2 e5 7. Nf3 Be7 8. O-O
O-O 9. Bc4 Be6 10. Bb3 h6 11. Qe2 Nc6 12. Rd1 Rc8 13. Be3 Qe8 14. Nh4 Na5 15.
Ng6 Nxb3 16. Nxe7+ Qxe7 17. axb3 Rc6 18. f3 Rfc8 19. Rd2 Qc7 20. Rc1 Qa5 21.
Rcd1 Qb4 22. Ra1 Rxc3 23. bxc3 Qxc3 24. Rad1 Ne8 25. Qe1 f5 26. Bf2 Rc6 27. h3
Kf7 28. Re2 fxe4 29. Qxc3 Rxc3 30. fxe4 Ke7 31. Be1 Rc6 32. Kf2 Bf7 33. Kf3 Nf6
34. g4 g5 35. Bb4 Bg6 36. Rd3 Ke6 37. Rde3 Rc8 38. Kg3 h5 39. gxh5 Nxh5+ 40.
Kh2 Nf4 41. Rd2 d5 42. exd5+ Nxd5 43. Rxd5 Kxd5 44. c4+ Kd4 45. Rg3 Bd3 46.
Rxg5 e4 47. Bd2 e3 48. Rd5+ Ke4 49. Bc3 Bc2 50. Rd4+ Kf3 51. b4 Rg8 52. c5 Bf5
53. Rd6 Rg2+ 54. Kh1 Rc2 0-1

[Event "Monarch Assurance Isle of Man 8th"]
[Site "Port Erin IOM"]
[Date "1999.11.12"]
[Round "7"]
[White "Collins, Sam"]
[Black "Winfridsson, Hakan"]
[Result "0-1"]
[WhiteElo "2097"]
[BlackElo "2045"]
[PlyCount "64"]
[EventDate "1999.11.06"]
[EventType "swiss"]
[EventRounds "9"]
[EventCountry "IOM"]

1. e4 e5 2. Nf3 Nc6 3. Bb5 a6 4. Ba4 f5 5. Qe2 fxe4 6. Bxc6 exf3 7. Qxe5+ Be7
8. Bxf3 Nf6 9. O-O O-O 10. Nc3 d6 11. Qf4 Nd7 12. Qc4+ Kh8 13. d4 c6 14. Qd3 d5
15. Ne2 Bd6 16. Ng3 Qh4 17. Re1 Nf6 18. Nf1 Ng4 19. g3 Qf6 20. h3 Nh6 21. Bxh6
Qxh6 22. h4 Bf5 23. Qe3 Qf6 24. c3 h6 25. Nh2 Bd7 26. Bg4 Rae8 27. Qd2 Bxg4 28.
Nxg4 Qf3 29. Ne5 Qf5 30. f4 Kg8 31. Qd3 Rxe5 32. Qf3 Re6 0-1

[Event "Monarch Assurance Isle of Man 8th"]
[Site "Port Erin IOM"]
[Date "1999.11.12"]
[Round "7"]
[White "Giddins, Stephen W"]
[Black "Kristensen, Bjarke"]
[Result "0-1"]
[WhiteElo "2376"]
[BlackElo "2406"]
[PlyCount "64"]
[EventDate "1999.11.06"]
[EventType "swiss"]
[EventRounds "9"]
[EventCountry "IOM"]

1. Nf3 Nf6 ({Move order} 1... c5 2. c4 Nf6 {given in the bulletin. Steve Giddins' own record shows 1...Nf6 2 c4 Nf6 was played.}) 2. c4 c5 3. Nc3 Nc6 4. g3 a6 5. Bg2 Rb8 6. d4 cxd4 7. Nxd4 g6 8. Bf4 Ra8 9. Nd5 e5 10. Bg5 Qa5+ 11. Bd2 Qd8 12. Nc2 Nxd5 13. Bxd5 Bg7 14. O-O O-O 15. Bc3 d6 16. Qd2 Re8 17. Rfd1 Be6 18. b3 Bxd5 19. Qxd5 Re6 20. Ne3 Qb6 21. Qd2 Rae8 22. Nd5 Qd8 23. Rac1 h5 24. b4 Kh7 25. b5 Nd4 26. Ba5 Qd7 27. Nb6 Qd8 28. Nd5 Qc8 29. Nb6 Qc5 30. Nd7 Qa7 31. Bb6 Qa8 32. Qb2 Qc8 {Source: Steve Giddins} 0-1

[Event "Monarch Assurance Isle of Man 8th"]
[Site "Port Erin IOM"]
[Date "1999.11.12"]
[Round "7"]
[White "Hunt, Adam"]
[Black "Nieminen, Kari"]
[Result "1-0"]
[WhiteElo "2288"]
[BlackElo "2230"]
[PlyCount "45"]
[EventDate "1999.11.06"]
[EventType "swiss"]
[EventRounds "9"]
[EventCountry "IOM"]

1. e4 c5 2. Nf3 d6 3. d4 cxd4 4. Nxd4 Nf6 5. Nc3 a6 6. a4 Nc6 7. Be2 e5 8. Nb3
b6 9. O-O Be7 10. Bg5 Be6 11. Qd2 O-O 12. Rad1 Qc8 13. f4 Nd4 14. Nxd4 exd4 15.
Qxd4 d5 16. Bxf6 Bc5 17. Bxg7 dxe4 18. Nxe4 Bxd4+ 19. Bxd4 Rd8 20. Nf6+ Kg7 21.
Nd5+ Kf8 22. Nxb6 Rb8 23. Nxc8 1-0

[Event "Monarch Assurance Isle of Man 8th"]
[Site "Port Erin IOM"]
[Date "1999.11.12"]
[Round "7"]
[White "Jackson, Adrian"]
[Black "Farndon, David Alexander"]
[Result "1/2-1/2"]
[WhiteElo "2223"]
[BlackElo "2238"]
[PlyCount "110"]
[EventDate "1999.11.06"]
[EventType "swiss"]
[EventRounds "9"]
[EventCountry "IOM"]

1. e4 c5 2. Nf3 Nc6 3. d4 cxd4 4. Nxd4 g6 5. c4 Nf6 6. Nc3 d6 7. Be2 Bg7 8. Be3
O-O 9. O-O Bd7 10. Qd2 Nxd4 11. Bxd4 Bc6 12. f3 a5 13. Nd5 Nd7 14. Bxg7 Kxg7
15. Kh1 Nc5 16. Qd4+ e5 17. Qd2 Bxd5 18. exd5 f5 19. f4 Re8 20. g4 Qh4 21. fxe5
Rxe5 22. gxf5 Qe4+ 23. Bf3 Qxf5 24. Rae1 Qd3 25. Qxd3 Nxd3 26. Rxe5 Nxe5 27.
Be2 b6 28. Kg2 Rc8 29. Kg3 h6 30. Rb1 Kf6 31. b4 axb4 32. Rxb4 Ke7 33. Rxb6
Nxc4 34. Rb7+ Kf6 35. Rd7 Ke5 36. Rg7 g5 37. Rg6 Ne3 38. Kf2 Nxd5 39. Rxh6 Rc2
40. Rh8 Rxa2 41. Re8+ Kf6 42. Kg3 Ra3+ 43. Bf3 Ne7 44. Rf8+ Kg6 45. Ra8 Nf5+
46. Kg4 Nh6+ 47. Kg3 Nf5+ 48. Kg4 Rxa8 49. Bxa8 Nh6+ 50. Kg3 Kf6 51. Bb7 Nf5+
52. Kg4 Nh4 53. Bc6 Ng6 54. Bb7 Ne5+ 55. Kg3 Kf5 1/2-1/2

[Event "Monarch Assurance Isle of Man 8th"]
[Site "Port Erin IOM"]
[Date "1999.11.12"]
[Round "7"]
[White "Longson, Alex"]
[Black "Taylor, Peter"]
[Result "1-0"]
[WhiteElo "2169"]
[BlackElo "2164"]
[PlyCount "95"]
[EventDate "1999.11.06"]
[EventType "swiss"]
[EventRounds "9"]
[EventCountry "IOM"]

1. e4 c6 2. d4 d5 3. Nc3 dxe4 4. Nxe4 Bf5 5. Ng3 Bg6 6. N1e2 Nf6 7. Nf4 e5 8.
Nxg6 hxg6 9. dxe5 Qxd1+ 10. Kxd1 Ng4 11. Ne4 Nxe5 12. Bf4 Nbd7 13. c3 Nf6 14.
Nxf6+ gxf6 15. Kc2 Bh6 16. Bxh6 Rxh6 17. Be2 Rd8 18. h3 g5 19. Rad1 Rxd1 20.
Rxd1 Rh4 21. Rd4 Rxd4 22. cxd4 Ng6 23. g3 Ke7 24. Bg4 Kd6 25. Kd3 Kd5 26. Bc8
b5 27. Bd7 Ne7 28. Bg4 f5 29. Bf3+ Ke6 30. h4 f4 31. h5 fxg3 32. fxg3 f5 33. g4
fxg4 34. Bxg4+ Kf6 35. Bd7 a5 36. Ke4 Kg7 37. Ke5 Kf7 38. Kd6 a4 39. h6 Nd5 40.
Bxc6 Ne3 41. Bxb5 g4 42. Bxa4 Nc4+ 43. Kc7 Nxb2 44. Bc2 g3 45. Be4 Nd3 46. d5
Nf2 47. Bg2 Ng4 48. d6 1-0